Les Congrès de Patronage de Lyon et d'Anvers et le Congrès de l'Union Internationale de Droit Pénal / (Record no. 162662)

MARC details
000 -LEADER
campo de control de longitud fija 01101nam a2200205 i 4500
001 - NÚMERO DE CONTROL
campo de control 162662
003 - IDENTIFICADOR DE NÚMERO DE CONTROL
campo de control ES-MaACL
005 - FECHA Y HORA DE LA ÚLTIMA TRANSACCIÓN
campo de control 20250719062545.0
008 - DATOS DE LONGITUD FIJA--INFORMACIÓN GENERAL
campo de control de longitud fija 050718s1895 fr |||| | fre d
100 1# - ENTRADA PRINCIPAL--NOMBRE DE PERSONA
Nombre de persona Prudhomme, Henri.
9 (RLIN) 131391
245 14 - MENCIÓN DEL TÍTULO
Título Les Congrès de Patronage de Lyon et d'Anvers et le Congrès de l'Union Internationale de Droit Pénal /
Mención de responsabilidad, etc. par Henri Prudhomme.
260 ## - PUBLICACIÓN, DISTRIBUCIÓN, ETC.
Lugar de publicación, distribución, etc. Paris :
Nombre del editor, distribuidor, etc. Durand et Pedone-Lauriel,
Fecha de publicación, distribución, etc. 1895 (
Fabricante Imp. G. Saint-Aubin et Thevenot)
300 ## - DESCRIPCIÓN FÍSICA
Extensión 80 p ;
Dimensiones 23 cm.
610 24 - PUNTO DE ACCESO ADICIONAL DE MATERIA--NOMBRE DE ENTIDAD CORPORATIVA
Nombre de entidad corporativa o nombre de jurisdicción como elemento de entrada Unión Internacional de Derecho Penal.
9 (RLIN) 167515
650 #4 - PUNTO DE ACCESO ADICIONAL DE MATERIA--TÉRMINO DE MATERIA
Término de materia o nombre geográfico como elemento de entrada Derecho penal-
Subdivisión geográfica Francia.
9 (RLIN) 155135
852 ## - LOCALIZACIÓN
Ubicación ES-MaACL
Sublocalización o colección R.FOLL.3/1
Número de control de estantería D-77(1)
itemnumber 168792
Ubicación en estantería Sala Valle Inclán
Signatura antigua Olim: 193-C-16
Marcas de propiedad Sello en tinta en portada: "Donativo del Sr. Lastres al Ateneo de Madrid. 1907"
Donativo/Legado Donación: Francisco Lastres y Juiz
Encuadernación Encuadernación holandesa
-- Encuadernado con otras obras formando un volumen facticio
Anotaciones manuscritas Anotación manuscrita en portada: "Folletos penitenciarios. Tomo 16"
903 ## - NOMBRE PERSONAL DE DONANTE
a Lastres y Juiz, Francisco,
d 1848-1918
q 1
e Donante
9 70504
942 ## - ELEMENTOS DE ENTRADA SECUNDARIOS (KOHA)
Fuente del sistema de clasificación o colocación Clasificación decimal universal
Tipo de ítem Koha Folleto
Holdings
Estatus retirado Estado de pérdida Fuente del sistema de clasificación o colocación Estado de daño No para préstamo Colección Biblioteca de origen Biblioteca actual Ubicación en estantería Fecha de adquisición Fuente de adquisición Total de préstamos Signatura topográfica completa Código de barras Visto por última vez Precio de reemplazo Tipo de ítem Koha
    Clasificación decimal universal     Colección de folletos Biblioteca del Ateneo de Madrid Biblioteca del Ateneo de Madrid Sala Valle Inclán 17/01/2008 Donación   D-77(1) 901170416 23/02/2023 23/02/2023 Folleto